[Event "NZL-ch op 127th"]
[Site "Tauranga"]
[Date "2020.01.15"]
[Round "2"]
[White "Polishchuk, Kirill"]
[Black "Hague, Ben"]
[Result "1/2-1/2"]
[WhiteElo "2151"]
[BlackElo "2399"]
[PlyCount "83"]
[EventDate "2020.01.14"]
[EventType "swiss"]
[EventRounds "9"]
[EventCountry "NZL"]
[SourceTitle "CBM 194 Extra"]
[Source "ChessBase"]
[SourceDate "2020.03.31"]
[SourceVersion "1"]
[SourceVersionDate "2020.03.31"]
[SourceQuality "1"]

1. e4 c5 2. a3 g6 3. b4 Bg7 4. Nc3 d6 5. g3 Nf6 6. Bg2 Nc6 7. Rb1 0-0 8. Nge2 e5 9. 0-0 Nd4 10. d3 h6 11. f4 cxb4 12. Rxb4 Qc7 13. Rc4 Nxe2+ 14. Qxe2 Qa5 15. fxe5 dxe5 16. Nd5 Nxd5 17. exd5 Bd7 18. Bd2 Qa6 19. Bb4 Rfc8 20. Qf2 f5 21. d6 Rxc4 22. Bd5+ Kh7 23. Bxc4 Qc6 24. Qc5 Qxc5+ 25. Bxc5 b6 26. Bb4 Rc8 27. a4 a5 28. Bd2 Bf8 29. Be3 Bxd6 30. Bxb6 Bxa4 31. Ra1 Bxc2 32. Rxa5 h5 33. Rd5 Bb8 34. Rd7+ Kh6 35. h4 Ba4 36. Rf7 Be8 37. Re7 Bd6 38. Re6 Rc6 39. Be3+ f4 40. gxf4 exf4 41. Bxf4+ Bxf4 42. Rxe8 1/2-1/2